00299nam a2200145Ia 45000030006000000050017000060080041000230400009000640410012000730820017000851000014001022450020001162600009001363000008001450Nust20170105110305.0161124s9999 xx 000 0 und d cIGIS aEnglish a954.035bZAI aZ.H.Zaidi aJamal ul Amsaal c2003 a654